[Event "-chT Youth Countries 2019"]
[Site "Wuerzburg"]
[Date "2019.10.04"]
[Round "4.2"]
[White "Junker, Magnus"]
[Black "Schmidek, Emil"]
[Result "1/2-1/2"]
[WhiteElo "2059"]
[BlackElo "2387"]
[Annotator "RC"]
[PlyCount "110"]
[EventDate "2019.10.02"]
[EventType "team-tourn"]
[EventRounds "7"]
[EventCountry "GER"]
[SourceTitle "playchess.com"]
[Source "ChessBase"]
[SourceQuality "1"]
[WhiteTeam "Bayern 2"]
[BlackTeam "Berlin"]
[TimeControl "40/5400+30:1800+30"]

1. c4 {[%emt 0:00:00]} e6 {[%emt 0:00:00]} 2. Nc3 {[%emt 0:00:00]} d5 {[%emt 0:00:00]} 3. d4 {[%emt 0:00:00]} a6 {[%emt 0:00:00]} 4. cxd5 {[%emt 0:02:00]} exd5 {[%emt 0:00:00]} 5. Nf3 {[%emt 0:00:06]} Nf6 {[%emt 0:00:00]} 6. Bg5 {[%emt 0:00:07]} Be6 {[%emt 0:00:00]} 7. e3 {[%emt 0:00:14]} Nbd7 {[%emt 0:00:11]} 8. Bd3 {[%emt 0:00:21]} Bd6 {[%emt 0:00:20]} 9. O-O {[%emt 0:00:22]} O-O {[%emt 0:00:25]} 10. e4 {[%emt 0:03:39]} dxe4 {[%emt 0:08:56]} 11. Bxe4 {[%emt 0:00:14]} Qb8 {[%emt 0:20:28]} 12. Bc2 {[%emt 0:04:22]} c6 {[%emt 0:10:27]} 13. h3 {[%emt 0:01:45]} h6 {[%emt 0:02:47]} 14. Bxf6 {[%emt 0:01:10]} Nxf6 {[%emt 0:00:06]} 15. Qd3 {[%emt 0:00:05]} Re8 {[%emt 0:09:32]} 16. Rfe1 {[%emt 0:01:03]} Bf8 {[%emt 0:29:32]} 17. Ne5 {[%emt 0:03:11]} Qd6 {[%emt 0:03:44]} 18. Ne4 {[%emt 0:02:27]} Nxe4 {[%emt 0:00:07]} 19. Qxe4 {[%emt 0:00:05]} f5 {[%emt 0:00:50]} 20. Qf4 {[%emt 0:02:48]} g5 {[%emt 0:07:47]} 21. Qf3 {[%emt 0:01:12]} Qxd4 {[%emt 0:00:59]} 22. Rad1 {[%emt 0:01:46]} Qf4 {[%emt 0:01:43]} 23. Qh5 {[%emt 0:00:20]} Bg7 {[%emt 0:00:57]} 24. Qg6 {[%emt 0:01:04]} Re7 {[%emt 0:02:37]} 25. a3 {[%emt 0:07:24]} Bd5 {[%emt 0:00:27]} 26. g3 {[%emt 0:01:15]} Qxe5 {[%emt 0:00:05]} 27. Rxe5 {[%emt 0:00:09]} Rxe5 {[%emt 0:00:02]} 28. Bxf5 {[%emt 0:02:59]} Rae8 {[%emt 0:00:10]} 29. f4 {[%emt 0:01:58]} Re3 {[%emt 0:00:29]} 30. Rxd5 {[%emt 0:01:46]} cxd5 {[%emt 0:00:57]} 31. fxg5 {[%emt 0:00:00]} hxg5 {[%emt 0:00:58]} 32. Qxg5 {[%emt 0:00:34]} Re1+ {[%emt 0:00:49]} 33. Kg2 {[%emt 0:00:30]} R1e2+ {[%emt 0:00:30]} 34. Kf3 {[%emt 0:00:30]} d4 35. h4 {[%emt 0:01:51]} d3 {[%emt 0:01:02]} 36. Bg6 {[%emt 0:12:34]} Rf8+ 37. Kg4 {[%emt 0:00:15]} Re5 {[%emt 0:00:38]} 38. Qd2 {[%emt 0:02:08]} Rd8 {[%emt 0:00:15]} 39. Kh3 {[%emt 0:02:49]} Re2 {[%emt 0:00:19]} 40. Qg5 {[%emt 0:01:20]} Rd6 {[%emt 0:01:06]} 41. Qg4 {[%emt 0:34:03]} b5 42. Bxd3 {[%emt 0:00:00]} Rxb2 {[%emt 0:27:45]} 43. Qc8+ {[%emt 0:00:00]} Bf8 {[%emt 0:00:49]} 44. Bf5 {[%emt 0:00:00]} Re2 45. Qc7 Be7 {[%emt 0:03:09]} 46. h5 {[%emt 0:00:00]} Re3 {[%emt 0:01:22]} 47. a4 {[%emt 0:00:00]} Rf6 {[%emt 0:00:35]} 48. Qc8+ {[%emt 0:00:00]} Kg7 {[%emt 0:00:08]} 49. axb5 {[%emt 0:00:00]} axb5 {[%emt 0:00:01]} 50. Kg2 {[%emt 0:00:00]} b4 {[%emt 0:00:32]} 51. g4 {[%emt 0:00:00]} Rd6 {[%emt 0:00:23]} 52. Qc1 {[%emt 0:00:00]} Re2+ {[%emt 0:00:29]} 53. Kf3 {[%emt 0:00:00]} Rdd2 {[%emt 0:00:29]} 54. Qa1+ {[%emt 0:00:00]} Bf6 {[%emt 0:01:27]} 55. h6+ {[%emt 0:00:00]} Kf7 {[%emt 0:00:04] normal} 1/2-1/2

[Event "-chT Youth Countries 2019"]
[Site "Wuerzburg"]
[Date "2019.10.04"]
[Round "4.3"]
[White "Kololli, Martin"]
[Black "Weber, Samuel"]
[Result "1-0"]
[WhiteElo "2310"]
[BlackElo "2288"]
[Annotator "TA"]
[PlyCount "95"]
[EventDate "2019.10.02"]
[EventType "team-tourn"]
[EventRounds "7"]
[EventCountry "GER"]
[SourceTitle "playchess.com"]
[Source "ChessBase"]
[SourceQuality "1"]
[WhiteTeam "Schleswig-Holstein"]
[BlackTeam "Hessen"]

{[%evp 21,95,0,0,0,0,-14,44,44,50,83,50,89,91,86,87,80,98,106,117,95,105,105,105,105,102,102,110,104,109,97,106,100,111,112,115,110,128,112,127,129,137,142,134,119,162,162,152,139,155,122,123,130,154,178,175,184,172,165,149,150,194,166,160,0,201,184,220,229,204,204,206,185,279,270,279,256]} 1. e4 e5 2. Nf3 Nc6 3. d4 exd4 4. Bc4 Nf6 5. O-O Nxe4 6. Re1 d5 7. Bxd5 Qxd5 8. Nc3 {[%cal Bb1c3,Bc3e4,Be4c5][%mdl 32]} Qd7 9. Nxe4 Be7 10. Bg5 O-O 11. Bxe7 Qxe7 12. Nxd4 {C56: Two Knights: 4 d4 exd4 5 0-0 Nxe4} Bd7 13. Nb3 {[#]} (13. Nc3 Qd8 14. Nb3 Bf5 15. Qe2 Qg5 16. Qb5 Rab8 17. Nd5 h6 18. f4 Qh4 19. Nd2 Rfe8 {½-½ (40) Hector,J (2499)-Grandelius,N (2668) Ronneby 2018}) 13... Rfe8 $146 (13... Rae8 $11) ({Predecessor:} 13... Rae8 14. Re3 Bf5 15. Ng3 Qf6 16. Nxf5 Qxf5 17. Rc3 Re5 18. Qf1 Rfe8 19. Rd1 h6 {1-0 (56) Sukandar,I (2393)-Urkedal,F (2537) Adelaide 2018}) 14. Nec5 $14 {White is slightly better.} Qxe1+ 15. Qxe1 Rxe1+ 16. Rxe1 Bf5 {[#]} 17. c3 $1 b6 18. Na6 Bd3 19. Nxc7 Rd8 20. Nc1 Bf5 21. Re8+ Rxe8 22. Nxe8 $16 {[%mdl 4096] Endgame KBN-KNN} Kf8 23. Nd6 Bb1 24. Kf1 Ke7 25. Nc4 Ke6 26. Ke2 Kd5 27. Nd2 Bf5 28. Nd3 a6 29. Ke3 b5 30. f4 f6 31. b3 {[%cal Bb2b3,Bb3c4][%mdl 32]} a5 32. a3 Be6 33. c4+ bxc4 34. bxc4+ Kd6 35. Ne4+ Kc7 36. Nb2 Kb6 37. Na4+ Kc7 38. Kd3 Bf5 39. Nac3 Kd7 40. Ke3 Kc7 41. Nd5+ Kd7 42. Ndc3 Kc7 $1 43. g3 Bh3 44. Nb5+ Kb6 {[#]} 45. Nd4 $1 Ne7 46. Kd3 Bd7 (46... Bf5 {is a better defense.} 47. Ke3 Bxe4) 47. c5+ $18 Kc7 48. Kc4 {Accuracy: White = 72%, Black = 39%.} 1-0

[Event "-chT Youth Countries 2019"]
[Site "Wuerzburg"]
[Date "2019.10.04"]
[Round "4.3"]
[White "Pallas, Sebastian"]
[Black "Dahl, Christoph"]
[Result "1/2-1/2"]
[WhiteElo "2291"]
[BlackElo "2178"]
[Annotator "NA"]
[PlyCount "94"]
[EventDate "2019.10.02"]
[EventType "team-tourn"]
[EventRounds "7"]
[EventCountry "GER"]
[SourceTitle "playchess.com"]
[Source "ChessBase"]
[SourceQuality "1"]
[WhiteTeam "Sachsen-Anhalt"]
[BlackTeam "Sachsen"]
[TimeControl "40/5400+30:1800+30"]

1. e4 {[%emt 0:00:00]} e5 {[%emt 0:00:00]} 2. Nf3 {[%emt 0:00:00]} Nc6 {[%emt 0:00:00]} 3. d4 {[%emt 0:00:11]} exd4 {[%emt 0:00:05]} 4. Nxd4 {[%emt 0:00:13]} Bc5 {[%emt 0:00:25]} 5. Nxc6 {[%emt 0:00:33]} Qf6 {[%emt 0:00:30]} 6. Qf3 {[%emt 0:00:12]} Qxf3 {[%emt 0:00:54]} 7. gxf3 {[%emt 0:00:09]} bxc6 {[%emt 0:00:07]} 8. Nd2 {[%emt 0:00:22]} Ne7 {[%emt 0:00:48]} 9. Nb3 {[%emt 0:00:17]} Bb6 {[%emt 0:00:36]} 10. a4 {[%emt 0:02:07]} a5 {[%emt 0:01:51]} 11. Rg1 {[%emt 0:00:39]} O-O {[%emt 0:00:42]} 12. Be3 {[%emt 0:00:07]} Bxe3 {[%emt 0:00:51]} 13. fxe3 {[%emt 0:00:07]} d6 {[%emt 0:00:14]} 14. O-O-O {[%emt 0:04:15]} Ba6 {[%emt 0:07:02]} 15. Bxa6 {[%emt 0:28:58]} Rxa6 {[%emt 0:00:00]} 16. e5 {[%emt 0:00:36]} c5 {[%emt 0:10:27]} 17. exd6 {[%emt 0:00:18]} cxd6 {[%emt 0:00:01]} 18. e4 {[%emt 0:00:14]} f5 {[%emt 0:39:09]} 19. Nd2 {[%emt 0:06:46]} fxe4 {[%emt 0:01:54]} 20. fxe4 {[%emt 0:00:06]} Rf4 {[%emt 0:02:34]} 21. Rge1 {[%emt 0:11:17]} Kf7 {[%emt 0:06:03]} 22. Nc4 {[%emt 0:03:43]} Ke6 {[%emt 0:00:58]} 23. b3 {[%emt 0:00:41]} Ng6 {[%emt 0:00:40]} 24. Rd5 {[%emt 0:07:54]} Ne7 {[%emt 0:03:02]} 25. Rd2 {[%emt 0:00:55]} Nc8 {[%emt 0:05:17]} 26. Nb2 {[%emt 0:04:58]} Rc6 {[%emt 0:02:49]} 27. Nc4 {[%emt 0:02:47]} Ra6 {[%emt 0:00:06]} 28. Rg2 {[%emt 0:07:09]} g6 {[%emt 0:00:35]} 29. Kd2 {[%emt 0:00:27]} Nb6 {[%emt 0:01:17]} 30. Nb2 {[%emt 0:04:08]} Nd7 {[%emt 0:01:23]} 31. Nd3 {[%emt 0:00:40]} Rf6 {[%emt 0:03:27]} 32. Ke3 {[%emt 0:02:32]} Ne5 {[%emt 0:00:56]} 33. Nxe5 {[%emt 0:02:15]} Kxe5 {[%emt 0:00:57]} 34. Rd1 {[%emt 0:00:56]} Ke6 {[%emt 0:01:27]} 35. Rgd2 {[%emt 0:03:18]} Ke7 {[%emt 0:00:28]} 36. Rd5 {[%emt 0:01:04]} Rc6 {[%emt 0:00:44]} 37. h4 {[%emt 0:02:23]} h6 {[%emt 0:01:10]} 38. R5d2 {[%emt 0:01:20]} Rb6 {[%emt 0:01:41]} 39. Rd5 {[%emt 0:01:58]} Re6 {[%emt 0:00:30]} 40. Kd3 {[%emt 0:02:29]} Rb4 {[%emt 0:00:39]} 41. Re1 {[%emt 0:30:13]} Kd7 {[%emt 0:30:48]} 42. Re2 {[%emt 0:00:00]} Kc6 {[%emt 0:00:00]} 43. Re3 {[%emt 0:00:00]} Rexe4 {[%emt 0:00:00]} 44. Rxe4 {[%emt 0:00:00]} Kxd5 {[%emt 0:00:00]} 45. c4+ {[%emt 0:00:00]} Kc6 {[%emt 0:00:00]} 46. Kc3 {[%emt 0:00:00]} Rb8 {[%emt 0:00:00]} 47. Re7 {[%emt 0:00:00]} Rf8 {[%emt 0:00:00] normal} 1/2-1/2

[Event "-chT Youth Countries 2019"]
[Site "Wuerzburg"]
[Date "2019.10.04"]
[Round "4.3"]
[White "Goldbeck, Lars"]
[Black "Musiolik, David"]
[Result "1/2-1/2"]
[WhiteElo "2203"]
[BlackElo "2195"]
[Annotator "ChessBase"]
[PlyCount "61"]
[EventDate "2019.10.02"]
[EventType "team-tourn"]
[EventRounds "7"]
[EventCountry "GER"]
[SourceTitle "playchess.com"]
[Source "ChessBase"]
[SourceQuality "1"]
[WhiteTeam "Bayern 1"]
[BlackTeam "Rheinland-Pfalz"]
[TimeControl "40/5400+30:1800+30"]

1. d4 {[%emt 0:00:00]} d5 {[%emt 0:00:00]} 2. c4 {[%emt 0:00:00]} e6 {[%emt 0:00:00]} 3. Nc3 {[%emt 0:00:00]} Be7 {[%emt 0:00:03]} 4. Nf3 {[%emt 0:00:00]} Nf6 {[%emt 0:00:04]} 5. Bf4 {[%emt 0:00:00]} O-O {[%emt 0:03:16]} 6. e3 {[%emt 0:00:00]} c6 {[%emt 0:01:15]} 7. Qc2 {[%emt 0:00:06]} Na6 {[%emt 0:03:29]} 8. Rd1 {[%emt 0:09:47]} h6 {[%emt 0:06:46]} 9. a3 {[%emt 0:05:30]} Nc7 {[%emt 0:02:38]} 10. e4 {[%emt 0:18:36]} b6 {[%emt 0:05:27]} 11. Ne5 {[%emt 0:05:10]} Bb7 {[%emt 0:03:33]} 12. Bd3 {[%emt 0:06:48]} c5 {[%emt 0:04:43]} 13. dxc5 {[%emt 0:04:47]} bxc5 {[%emt 0:01:07]} 14. cxd5 {[%emt 0:03:41]} exd5 {[%emt 0:02:23]} 15. exd5 {[%emt 0:01:14]} Ncxd5 {[%emt 0:01:59]} 16. Nxd5 {[%emt 0:00:18]} Bxd5 {[%emt 0:00:51]} 17. O-O {[%emt 0:01:08]} Qb6 {[%emt 0:01:34]} 18. Nc4 {[%emt 0:05:32]} Qb7 {[%emt 0:04:07]} 19. Rfe1 {[%emt 0:00:44]} Rfe8 {[%emt 0:02:08]} 20. Re3 {[%emt 0:06:32]} Rad8 {[%emt 0:09:46]} 21. Rde1 {[%emt 0:03:50]} Bf8 {[%emt 0:03:33]} 22. f3 {[%emt 0:04:51]} Re6 {[%emt 0:05:47]} 23. Rxe6 {[%emt 0:04:18]} Bxe6 {[%emt 0:00:37]} 24. Be5 {[%emt 0:01:31]} Be7 {[%emt 0:02:36]} 25. Bf5 {[%emt 0:03:32]} Bxf5 {[%emt 0:02:32]} 26. Qxf5 {[%emt 0:00:02]} Qd7 {[%emt 0:00:25]} 27. Qxd7 {[%emt 0:01:40]} Rxd7 {[%emt 0:03:48]} 28. Kf2 {[%emt 0:01:54]} Kf8 {[%emt 0:01:05]} 29. Ke2 {[%emt 0:02:26]} Nd5 {[%emt 0:08:03]} 30. Rd1 {[%emt 0:02:30]} Ke8 {[%emt 0:03:08]} 31. Ne3 {[%emt 0:03:34] normal} 1/2-1/2

[Event "-chT Youth Countries 2019"]
[Site "Wuerzburg"]
[Date "2019.10.04"]
[Round "4.3"]
[White "Stelmaszyk, Nico"]
[Black "Gallasch, Jonas"]
[Result "1/2-1/2"]
[WhiteElo "2190"]
[BlackElo "2099"]
[Annotator "NA"]
[PlyCount "88"]
[EventDate "2019.10.02"]
[EventType "team-tourn"]
[EventRounds "7"]
[EventCountry "GER"]
[SourceTitle "playchess.com"]
[Source "ChessBase"]
[SourceQuality "1"]
[WhiteTeam "Niedersachsen"]
[BlackTeam "Nordrhein-Westfalen"]
[TimeControl "40/5400+30:1800+30"]

1. e4 {[%emt 0:00:00]} c5 {[%emt 0:00:00]} 2. Nf3 {[%emt 0:00:00]} Nc6 {[%emt 0:00:00]} 3. c3 {[%emt 0:00:00]} d5 {[%emt 0:00:00]} 4. exd5 {[%emt 0:00:00]} Qxd5 {[%emt 0:00:00]} 5. d4 {[%emt 0:00:00]} Bf5 {[%emt 0:00:11]} 6. Be2 {[%emt 0:01:54]} cxd4 {[%emt 0:01:37]} 7. cxd4 {[%emt 0:01:27]} Bxb1 {[%emt 0:00:21]} 8. Rxb1 {[%emt 0:00:05]} e6 {[%emt 0:00:06]} 9. O-O {[%emt 0:01:57]} Nf6 {[%emt 0:01:13]} 10. Qa4 {[%emt 0:14:33]} a6 {[%emt 0:05:19]} 11. Bc4 {[%emt 0:14:20]} Qd7 {[%emt 0:08:49]} 12. Bg5 {[%emt 0:29:01]} Nd5 {[%emt 0:03:54]} 13. Rfe1 {[%emt 0:04:50]} h6 {[%emt 0:08:30]} 14. Bh4 {[%emt 0:01:00]} Bb4 {[%emt 0:00:40]} 15. Bxd5 {[%emt 0:03:12]} Qxd5 {[%emt 0:00:29]} 16. Rec1 {[%emt 0:04:13]} Bd6 {[%emt 0:08:28]} 17. Bg3 {[%emt 0:04:24]} O-O {[%emt 0:02:35]} 18. Bxd6 {[%emt 0:06:42]} Qxd6 {[%emt 0:00:07]} 19. Qb3 {[%emt 0:01:00]} b5 {[%emt 0:07:47]} 20. Rd1 {[%emt 0:01:50]} Rfd8 {[%emt 0:03:58]} 21. Rbc1 {[%emt 0:03:17]} Rac8 {[%emt 0:04:33]} 22. Qe3 {[%emt 0:01:17]} Ne7 {[%emt 0:03:36]} 23. Rxc8 {[%emt 0:01:11]} Rxc8 {[%emt 0:01:36]} 24. Rc1 {[%emt 0:00:06]} Rd8 {[%emt 0:03:33]} 25. Qe4 {[%emt 0:01:23]} Nf5 {[%emt 0:13:46]} 26. Rd1 {[%emt 0:00:46]} Qd5 {[%emt 0:03:54]} 27. Qxd5 {[%emt 0:00:07]} Rxd5 {[%emt 0:00:05]} 28. g4 {[%emt 0:00:17]} Ne7 {[%emt 0:02:00]} 29. Rc1 {[%emt 0:00:04]} Kf8 {[%emt 0:01:07]} 30. Kf1 {[%emt 0:00:48]} Rd6 {[%emt 0:03:43]} 31. Rc7 {[%emt 0:02:14]} Ke8 {[%emt 0:05:48]} 32. Ra7 {[%emt 0:00:39]} Nc8 {[%emt 0:04:31]} 33. Rc7 {[%emt 0:01:22]} Ne7 {[%emt 0:00:44]} 34. Ke2 {[%emt 0:00:54]} Nc6 {[%emt 0:00:57]} 35. Ke3 {[%emt 0:00:56]} Nb4 {[%emt 0:01:03]} 36. Rc8+ {[%emt 0:00:10]} Rd8 {[%emt 0:00:31]} 37. Rxd8+ {[%emt 0:00:02]} Kxd8 {[%emt 0:00:06]} 38. a3 {[%emt 0:00:13]} Nd5+ {[%emt 0:00:38]} 39. Kd3 {[%emt 0:00:41]} f6 {[%emt 0:01:16]} 40. Nd2 {[%emt 0:00:12]} a5 {[%emt 0:01:44]} 41. Nb3 {[%emt 0:32:18]} a4 {[%emt 0:01:27]} 42. Nc5 {[%emt 0:00:00]} Ke7 {[%emt 0:00:56]} 43. Ke4 {[%emt 0:00:00]} g5 {[%emt 0:04:51]} 44. Nd3 {[%emt 0:00:00]} Kd6 {[%emt 0:01:17] normal} 1/2-1/2

[Event "-chT Youth Countries 2019"]
[Site "Wuerzburg"]
[Date "2019.10.04"]
[Round "4.3"]
[White "Sulayev, Daniel"]
[Black "Köhler, Lukas"]
[Result "1/2-1/2"]
[WhiteElo "2149"]
[BlackElo "2040"]
[Annotator "NA"]
[PlyCount "83"]
[EventDate "2019.10.02"]
[EventType "team-tourn"]
[EventRounds "7"]
[EventCountry "GER"]
[SourceTitle "playchess.com"]
[Source "ChessBase"]
[SourceQuality "1"]
[WhiteTeam "Berlin"]
[BlackTeam "Bayern 2"]
[TimeControl "40/5400+30:1800+30"]

1. c4 {[%emt 0:00:21]} c5 {[%emt 0:00:00]} 2. g3 Nc6 {[%emt 0:00:30]} 3. Bg2 {[%emt 0:01:20]} g6 {[%emt 0:01:01]} 4. Nc3 {[%emt 0:02:56]} Bg7 {[%emt 0:00:08]} 5. Nf3 {[%emt 0:00:07]} d6 {[%emt 0:01:48]} 6. d3 {[%emt 0:00:32]} e5 {[%emt 0:03:12]} 7. O-O {[%emt 0:00:10]} Nge7 {[%emt 0:00:33]} 8. Ne1 {[%emt 0:00:18]} Be6 {[%emt 0:01:33]} 9. Nc2 {[%emt 0:00:13]} d5 {[%emt 0:10:59]} 10. cxd5 {[%emt 0:01:14]} Nxd5 {[%emt 0:01:31]} 11. Ne3 {[%emt 0:20:36]} Nde7 {[%emt 0:11:49]} 12. Nc4 {[%emt 0:04:51]} O-O {[%emt 0:10:13]} 13. Bg5 {[%emt 0:01:07]} f6 {[%emt 0:01:40]} 14. Be3 b6 {[%emt 0:02:41]} 15. a4 {[%emt 0:05:37]} Rb8 {[%emt 0:03:40]} 16. f4 {[%emt 0:09:09]} Nd5 {[%emt 0:11:27]} 17. Kh1 {[%emt 0:21:46]} Nxe3 {[%emt 0:12:25]} 18. Nxe3 {[%emt 0:00:30]} exf4 {[%emt 0:02:29]} 19. gxf4 {[%emt 0:00:52]} Nd4 {[%emt 0:02:14]} 20. Ned5 {[%emt 0:01:38]} Kh8 {[%emt 0:04:19]} 21. e3 {[%emt 0:08:50]} Nf5 {[%emt 0:02:38]} 22. Qe1 {[%emt 0:03:09]} Ne7 {[%emt 0:02:51]} 23. Nxe7 {[%emt 0:00:32]} Qxe7 {[%emt 0:00:06]} 24. e4 {[%emt 0:01:08]} f5 {[%emt 0:02:40]} 25. Qg3 {[%emt 0:03:07]} Rfd8 {[%emt 0:01:55]} 26. e5 {[%emt 0:01:04]} a6 {[%emt 0:01:37]} 27. Qe3 {[%emt 0:02:12]} Qd7 {[%emt 0:01:17]} 28. Rfd1 {[%emt 0:00:43]} Qd4 {[%emt 0:00:43]} 29. Qxd4 {[%emt 0:02:46]} Rxd4 {[%emt 0:02:46]} 30. Ne2 {[%emt 0:00:22]} Rb4 {[%emt 0:00:21]} 31. d4 {[%emt 0:01:43]} Rxb2 {[%emt 0:01:01]} 32. Bf3 {[%emt 0:00:32]} Rd8 {[%emt 0:01:35]} 33. dxc5 {[%emt 0:00:49]} Rc8 {[%emt 0:02:15]} 34. Nd4 {[%emt 0:01:39]} Bc4 {[%emt 0:00:32]} 35. Rdc1 {[%emt 0:01:33]} Rxc5 {[%emt 0:00:29]} 36. Rab1 {[%emt 0:00:46]} Rxb1 {[%emt 0:00:28]} 37. Rxb1 {[%emt 0:00:02]} b5 {[%emt 0:00:31]} 38. axb5 {[%emt 0:00:14]} axb5 {[%emt 0:00:28]} 39. Bc6 {[%emt 0:01:35]} Kg8 {[%emt 0:00:33]} 40. Bxb5 {[%emt 0:00:50]} Bd5+ {[%emt 0:00:30]} 41. Kg1 {[%emt 0:30:20]} g5 {[%emt 0:10:54]} 42. Bd7 {[%emt 0:00:00] normal} 1/2-1/2

[Event "-chT Youth Countries 2019"]
[Site "Wuerzburg"]
[Date "2019.10.04"]
[Round "4.3"]
[White "Wu, Luka"]
[Black "Jakob, Georg"]
[Result "1/2-1/2"]
[WhiteElo "2117"]
[BlackElo "1952"]
[Annotator "NA"]
[PlyCount "101"]
[EventDate "2019.10.02"]
[EventType "team-tourn"]
[EventRounds "7"]
[EventCountry "GER"]
[SourceTitle "playchess.com"]
[Source "ChessBase"]
[SourceQuality "1"]
[WhiteTeam "Baden 1"]
[BlackTeam "Team Süd"]
[TimeControl "40/5400+30:1800+30"]

1. e4 {[%emt 0:00:00]} c5 {[%emt 0:00:00]} 2. Nf3 {[%emt 0:00:00]} g6 {[%emt 0:00:00]} 3. d4 {[%emt 0:00:00]} cxd4 {[%emt 0:00:00]} 4. Qxd4 {[%emt 0:00:00]} Nf6 {[%emt 0:00:00]} 5. Nc3 {[%emt 0:00:00]} Nc6 {[%emt 0:00:15]} 6. Qa4 {[%emt 0:00:06]} d6 {[%emt 0:00:13]} 7. e5 {[%emt 0:00:07]} dxe5 {[%emt 0:00:09]} 8. Nxe5 {[%emt 0:00:07]} Bd7 {[%emt 0:01:08]} 9. Nxd7 {[%emt 0:00:12]} Qxd7 {[%emt 0:00:25]} 10. Be2 {[%emt 0:01:42]} Bg7 {[%emt 0:01:11]} 11. Be3 {[%emt 0:00:14]} O-O {[%emt 0:01:17]} 12. O-O {[%emt 0:02:25]} Rfd8 {[%emt 0:04:35]} 13. Rad1 {[%emt 0:01:30]} Qf5 {[%emt 0:01:15]} 14. Bf3 {[%emt 0:05:49]} Rdc8 {[%emt 0:22:45]} 15. Rd2 {[%emt 0:11:08]} a6 {[%emt 0:09:56]} 16. Bb6 {[%emt 0:04:54]} Rab8 {[%emt 0:03:10]} 17. Rfd1 {[%emt 0:08:41]} Ne5 {[%emt 0:05:10]} 18. Be2 {[%emt 0:00:42]} Qe6 {[%emt 0:01:56]} 19. Qb4 {[%emt 0:09:41]} Bh6 {[%emt 0:05:09]} 20. Rd8+ {[%emt 0:10:43]} Rxd8 {[%emt 0:00:24]} 21. Bxd8 {[%emt 0:00:44]} Nc6 {[%emt 0:10:42]} 22. Qh4 {[%emt 0:00:34]} Rxd8 {[%emt 0:05:25]} 23. Rxd8+ {[%emt 0:00:21]} Nxd8 {[%emt 0:00:01]} 24. Qxh6 {[%emt 0:00:09]} b5 {[%emt 0:00:51]} 25. a3 {[%emt 0:00:44]} Nd5 {[%emt 0:04:30]} 26. Qd2 {[%emt 0:04:53]} Nxc3 {[%emt 0:03:07]} 27. Qxd8+ {[%emt 0:02:25]} Kg7 {[%emt 0:00:05]} 28. Bf1 {[%emt 0:08:52]} Nd5 {[%emt 0:01:10]} 29. Qa5 {[%emt 0:01:42]} Qc6 {[%emt 0:01:20]} 30. Qd2 {[%emt 0:00:34]} e5 {[%emt 0:01:30]} 31. g3 {[%emt 0:00:55]} Nf6 {[%emt 0:03:26]} 32. Qe2 {[%emt 0:04:23]} Qc5 {[%emt 0:01:35]} 33. c4 {[%emt 0:00:51]} bxc4 {[%emt 0:02:29]} 34. Qxc4 {[%emt 0:00:06]} Qxc4 {[%emt 0:00:20]} 35. Bxc4 {[%emt 0:00:04]} a5 {[%emt 0:00:06]} 36. b4 {[%emt 0:00:30]} axb4 {[%emt 0:00:19]} 37. axb4 {[%emt 0:00:27]} Nd7 {[%emt 0:00:12]} 38. Kf1 {[%emt 0:00:14]} Kf6 {[%emt 0:00:25]} 39. Ke2 {[%emt 0:00:04]} Ke7 {[%emt 0:00:29]} 40. g4 {[%emt 0:00:47]} h6 {[%emt 0:06:47]} 41. Ke3 {[%emt 0:36:06]} f5 {[%emt 0:06:40]} 42. gxf5 {[%emt 0:00:00]} gxf5 {[%emt 0:00:06]} 43. Kf3 {[%emt 0:00:00]} Kf6 {[%emt 0:01:03]} 44. Kg3 {[%emt 0:00:00]} Kg5 {[%emt 0:00:48]} 45. f3 {[%emt 0:00:00]} Nb6 {[%emt 0:02:30]} 46. Bb3 {[%emt 0:00:00]} Nd7 {[%emt 0:02:27]} 47. Be6 {[%emt 0:00:00]} Nb6 {[%emt 0:00:49]} 48. Bb3 {[%emt 0:00:00]} Nd7 {[%emt 0:05:27]} 49. Be6 {[%emt 0:00:00]} Nb6 {[%emt 0:00:13]} 50. Bb3 {[%emt 0:00:00]} Nd7 {[%emt 0:01:12]} 51. Be6 {[%emt 0:00:00] normal} 1/2-1/2

[Event "-chT Youth Countries 2019"]
[Site "Wuerzburg"]
[Date "2019.10.04"]
[Round "4.3"]
[White "Schmekel, Florian"]
[Black "Richter, Nils"]
[Result "0-1"]
[WhiteElo "2102"]
[BlackElo "2213"]
[Annotator "NA"]
[PlyCount "76"]
[EventDate "2019.10.02"]
[EventType "team-tourn"]
[EventRounds "7"]
[EventCountry "GER"]
[SourceTitle "playchess.com"]
[Source "ChessBase"]
[SourceQuality "1"]
[WhiteTeam "Mecklenburg-Vorpommern"]
[BlackTeam "Württemberg"]
[TimeControl "40/5400+30:1800+30"]

1. d4 {[%emt 0:00:00]} Nf6 {[%emt 0:00:00]} 2. c4 {[%emt 0:00:00]} g6 {[%emt 0:00:00]} 3. Nc3 {[%emt 0:00:00]} Bg7 {[%emt 0:00:00]} 4. e4 {[%emt 0:00:00]} d6 {[%emt 0:00:00]} 5. Be2 {[%emt 0:00:00]} O-O {[%emt 0:00:29]} 6. Bg5 {[%emt 0:00:05]} c5 {[%emt 0:00:36]} 7. d5 {[%emt 0:00:24]} e6 {[%emt 0:00:36]} 8. Qd2 {[%emt 0:01:45]} exd5 {[%emt 0:01:19]} 9. exd5 {[%emt 0:01:29]} Qb6 {[%emt 0:00:54]} 10. Nf3 {[%emt 0:03:06]} Bf5 {[%emt 0:00:46]} 11. Rc1 {[%emt 0:05:18]} Ne4 {[%emt 0:00:42]} 12. Nxe4 {[%emt 0:07:33]} Bxe4 {[%emt 0:00:03]} 13. b3 {[%emt 0:00:47]} Nd7 {[%emt 0:00:30]} 14. O-O {[%emt 0:04:28]} a5 {[%emt 0:03:39]} 15. Bh6 {[%emt 0:03:57]} Bxh6 {[%emt 0:05:56]} 16. Qxh6 {[%emt 0:00:35]} Bxf3 {[%emt 0:00:18]} 17. Bxf3 {[%emt 0:00:33]} a4 {[%emt 0:07:02]} 18. Rc3 {[%emt 0:04:57]} Qd8 {[%emt 0:18:16]} 19. Bd1 {[%emt 0:02:10]} Qf6 {[%emt 0:01:41]} 20. Rh3 {[%emt 0:07:31]} Qg7 {[%emt 0:00:11]} 21. Qh4 {[%emt 0:02:07]} Rfe8 {[%emt 0:13:40]} 22. f4 {[%emt 0:07:22]} axb3 {[%emt 0:03:56]} 23. axb3 {[%emt 0:02:24]} Ra2 {[%emt 0:10:11]} 24. f5 {[%emt 0:04:29]} g5 {[%emt 0:01:14]} 25. Qg3 {[%emt 0:03:57]} Qd4+ {[%emt 0:03:51]} 26. Kh1 {[%emt 0:05:19]} f6 {[%emt 0:01:23]} 27. Qf3 {[%emt 0:05:05]} Re4 {[%emt 0:04:14]} 28. Qh5 {[%emt 0:07:22]} Nf8 {[%emt 0:00:02]} 29. Rg3 {[%emt 0:05:08]} Ra1 {[%emt 0:06:44]} 30. h3 {[%emt 0:03:14]} Qe5 {[%emt 0:04:24]} 31. Rd3 {[%emt 0:06:09]} Rh4 {[%emt 0:06:06]} 32. Qe2 {[%emt 0:01:48]} Rf4 {[%emt 0:01:14]} 33. Kg1 {[%emt 0:04:27]} Qxf5 {[%emt 0:03:01]} 34. Rxf4 {[%emt 0:01:18]} Qxf4 {[%emt 0:00:02]} 35. g3 {[%emt 0:00:44]} Qf5 {[%emt 0:00:37]} 36. Kg2 {[%emt 0:00:36]} Ra2 {[%emt 0:02:16]} 37. Bc2 {[%emt 0:01:15]} Qe5 {[%emt 0:00:28]} 38. Re3 {[%emt 0:00:40]} Qb2 {[%emt 0:00:21] normal} 0-1